Stimulus ideas for using selected educational media. (Record no. 192211)
[ view plain ]
| 000 -LEADER | |
|---|---|
| fixed length control field | 00681cam2a220020500 4500 |
| 001 - CONTROL NUMBER | |
| control field | qce00429850 |
| 005 - DATE AND TIME OF LATEST TRANSACTION | |
| control field | 20190830112729.0 |
| 008 - FIXED-LENGTH DATA ELEMENTS--GENERAL INFORMATION | |
| fixed length control field | 720519s1970 oru 000 0 eng u |
| 035 ## - SYSTEM CONTROL NUMBER | |
| System control number | (Sirsi) r114367 |
| 035 ## - SYSTEM CONTROL NUMBER | |
| System control number | (QCAT)lss00218742 |
| 035 ## - SYSTEM CONTROL NUMBER | |
| System control number | (UPRA)qce00429850 |
| 040 ## - CATALOGING SOURCE | |
| Modifying agency | UPRA |
| 100 1# - MAIN ENTRY--PERSONAL NAME | |
| Personal name | Plunkett, Dalton G. |
| Linkage | A22523.1 |
| 245 10 - TITLE STATEMENT | |
| Title | Stimulus ideas for using selected educational media. |
| 260 ## - PUBLICATION, DISTRIBUTION, ETC. | |
| Place of publication, distribution, etc. | [Portland, OR : |
| Name of publisher, distributor, etc. | Northwest Library Service, |
| Date of publication, distribution, etc. | [c1970] |
| 650 #0 - SUBJECT ADDED ENTRY--TOPICAL TERM | |
| Topical term or geographic name entry element | Teaching -- Aids and devices. |
| General subdivision | Teaching -- Aids and devices. |
| Linkage | S3616.1 |
| 650 #0 - SUBJECT ADDED ENTRY--TOPICAL TERM | |
| Topical term or geographic name entry element | Audio-visual education. |
| Linkage | S6529.1 |
| 949 ## - LOCAL PROCESSING INFORMATION (OCLC) | |
| a | LB1043 |
| w | lcc |
| i | -164308 |
| m | MAIN |
| t | BOOK |
| l | ON-SHELF |
No items available.